DHYANA ( क.क्र.21/4 ) (Record no. 371345)

MARC details
000 -LEADER
fixed length control field 00558nam a2200169Ia 4500
008 - FIXED-LENGTH DATA ELEMENTS--GENERAL INFORMATION
fixed length control field 100122s9999 xx 000 0 und d
082 ## - DEWEY DECIMAL CLASSIFICATION NUMBER
Item number 35881
Classification number 181.45
100 ## - MAIN ENTRY--PERSONAL NAME
Personal name AUROBINDO
245 ## - TITLE STATEMENT
Title DHYANA ( क.क्र.21/4 )
260 ## - PUBLICATION, DISTRIBUTION, ETC. (IMPRINT)
Name of publisher, distributor, etc DIPTI PUBLICATION
Date of publication, distribution, etc 1905
300 ## - PHYSICAL DESCRIPTION
Extent 60
520 ## - SUMMARY, ETC.
Summary, etc कै.मा.सी.पेंढारकर ग्रंथभेट
620 ## -
-- कै.मा.सी.पेंढारकर ग्रंथभेट
630 ## - SUBJECT ADDED ENTRY--UNIFORM TITLE
Uniform title DHYANA ( क.क्र.21/4 )
730 ## - ADDED ENTRY--UNIFORM TITLE
Uniform title DHYANA ( क.क्र.21/4 )
942 ## - ADDED ENTRY ELEMENTS (KOHA)
Koha item type Book
Holdings
Withdrawn status Lost status Damaged status Not for loan Home library Current library Date acquired Cost, normal purchase price Total Checkouts Full call number Barcode Date last seen Cost, replacement price Price effective from Koha item type Public note
        S.V. Pathak Library, Vile Parle S.V. Pathak Library, Vile Parle 01/14/1984 2.00   35881 SVPPARLE-35881 01/25/2010 2.00 01/25/2010 Book ", , , NA"